BIOMEDICAL RESEARCH METHODOLOGY: INCLUDING BIOSTATISCAL APPLICATIONS (Record no. 216912)
[ view plain ]
| 000 -LEADER | |
|---|---|
| fixed length control field | 00696nam a22001817a 4500 |
| 008 - FIXED-LENGTH DATA ELEMENTS--GENERAL INFORMATION | |
| fixed length control field | 260401b |||||||| |||| 00| 0 eng d |
| 020 ## - INTERNATIONAL STANDARD BOOK NUMBER | |
| International Standard Book Number | 978-93-50250-17-4 |
| 050 ## - LIBRARY OF CONGRESS CALL NUMBER | |
| Classification number | R 850 .D 37 2010 |
| 100 ## - MAIN ENTRY--PERSONAL NAME | |
| Personal name | DAS, RANJAN |
| 245 ## - TITLE STATEMENT | |
| Title | BIOMEDICAL RESEARCH METHODOLOGY: INCLUDING BIOSTATISCAL APPLICATIONS |
| 260 ## - PUBLICATION, DISTRIBUTION, ETC. | |
| Place of publication, distribution, etc. | NEW DELHI, |
| Name of publisher, distributor, etc. | JAYPEE BROTHERS MEDICAL PUBLISHERS (P) LTD |
| 300 ## - PHYSICAL DESCRIPTION | |
| Extent | XX, 238 P, ILL |
| 500 ## - GENERAL NOTE | |
| General note | INCLUDES BIBLIOGRAPHICAL REFERENCES AND INDEX |
| 650 ## - SUBJECT ADDED ENTRY | |
| Topical term or geographic name entry element | 1.Medical research-Methodology-Textbooks 2. Biostatistics-Textbooks 3 .Biomedical sciences-Research-Textbooks 4. Research design-Textbooks |
| 700 ## - ADDED ENTRY--PERSONAL NAME | |
| Personal name | DAS PN, AK SOOD |
| 942 ## - ADDED ENTRY ELEMENTS (KOHA) | |
| Source of classification or shelving scheme | Library of Congress Classification |
| Koha item type | Long Loan Book |
| Withdrawn status | Lost status | Source of classification or shelving scheme | Damaged status | Not for loan | Collection | Home library | Current library | Shelving location | Date acquired | Inventory number | Total checkouts | Full call number | Barcode | Date last seen | Copy number | Price effective from | Koha item type |
|---|---|---|---|---|---|---|---|---|---|---|---|---|---|---|---|---|---|
| Library of Congress Classification | Medicine | Kisii University Library | Kisii University Library | On Display | 04/01/2026 | 112680 | R 850 .D 37 2010 | A000547 | 04/01/2026 | 1 | 04/01/2026 | Long Loan Book | |||||
| Library of Congress Classification | Medicine | Kisii University Library | Kisii University Library | On Display | 04/01/2026 | 112681 | R 850 .D 37 2010 | A000514 | 04/01/2026 | 2 | 04/01/2026 | Long Loan Book | |||||
| Library of Congress Classification | Medicine | Kisii University Library | Kisii University Library | On Display | 04/01/2026 | 112682 | R 850 .D 37 2010 | A000513 | 04/01/2026 | 3 | 04/01/2026 | Long Loan Book | |||||
| Library of Congress Classification | Medicine | Kisii University Library | Kisii University Library | On Display | 04/01/2026 | 112683 | R 850 .D 37 2010 | A000541 | 04/01/2026 | 4 | 04/01/2026 | Long Loan Book |